Most Home Runs Since 2015 - Statistics

General Stats
  • This quiz has been taken 15 times
  • The average score is 20 of 25
Answer Stats
Teams Home Runs Answer % Correct
NYY 368 Aaron Judge
100%
WSN, PHI 308 Bryce Harper
100%
MIA, NYY 299 Giancarlo Stanton
100%
BAL, LAD, SDP 336 Manny Machado
100%
LAA 306 Mike Trout
100%
BOS, LAD 286 Mookie Betts
100%
LAA, LAD 280 Shohei Ohtani
100%
ATL, LAD 281 Freddie Freeman
92%
CHC, WAS, BOS, PHI 340 Kyle Schwarber
92%
COL, STL 325 Nolan Arenado
92%
NYM 264 Pete Alonso
92%
KC 259 Salvador Perez
92%
CIN, SEA, ARI 321 Eugenio Suárez
85%
CLE, NYM 279 Francisco Lindor
85%
HOU, TOR 273 George Springer
85%
CLE 283 José Ramírez
85%
OAK, ATL 288 Matt Olson
85%
ARI, STL, NYY 289 Paul Goldschmidt
85%
NAT, SDD, NYY, NYM 244 Juan Soto
77%
MIA, STL, ATL 270 Marcell Ozuna
77%
CLE, PHI, CLE, KCR, SEA, PIT, MIL, MIN, CLE, CHC 237 Carlos Santana
46%
HOU, DET, ARI, BOS, LAD, NYM 284 J.D. Martinez
46%
CHW, OAK, TOR, TEX 245 Marcus Semien
46%
MIL, TEX, BAL, SEA, MIN, TBR, WSN, SDP 267 Nelson Cruz
38%
DET, CHC, CIN, PHI 239 Nick Castellanos
38%
No matching quizzes found
Score Distribution
Percent of People with Each Score
Percentile by Number Answered
Your Score History
You have not taken this quiz